Statistiques concernant Meilleurs sons de SDM

Cliquez ici pour prendre le quiz!

Statistiques générales

  • Ce quiz a été pris 622 fois
    (46 depuis la dernière actualisation)
  • Le résultat moyen est 6 sur 15

Statistiques - réponses

RangTitresStreams% Correct
1Bolide allemand141,3M
100%
11Rihanna27,1M
65%
5Yakalelo41,7M
62%
2Mr. Ocho77,0M
59%
7Daddy (ft. Booba)37,1M
51%
6Jack Fuego (ft. PLK)40,6M
51%
3Passat (ft. Maes)59,8M
43%
4Redescends (ft. Tiakola)43,9M
41%
8Freestyle 833,8M
35%
10Roro (ft. Tiakola)30,8M
32%
14Jacque*** Bag25,5M
27%
9J'fais plaisir à la zone (ft. Jul)32,2M
22%
12NEYMAR JR (ft. Green Montana)26,9M
19%
13EVIDEMMENT (ft. Green Montana)26,1M
14%
15Bitume (ft. L2B)23,1M
5%

Distribution des résultats

Percentile par nombre de réponses

% des personnes avec chaque résultat

Votre développement - résultats

Vous n’avez pas pris ce quiz depuis la dernière actualisation